000 00464nam a2200181Ia 4500
001 5175
005 20260306145849.0
008 260306t2008||||xx |||||||||||||| ||spa||
041 _aESP
082 _a336.985
_bR84
100 _aRosales, G. Luis A.
_eAUT
245 0 _aConvergencia económica y en desarrollo humano en el norte del Perú
260 _c2008
300 _a131 páginas :
_c21 cm.
650 _aGEN
654 _aCAN
942 _cLIB
_dJUS
_fJUS
_2ddc
_n
999 _c5175
_d5175